000 01099cam a2200289 a 4500
001 3158
005 20240214161544.0
020 _a9780545643870
040 _aDLC
_cDLC
_dDLC
_beng
050 0 0 _aE302.6.F8
_b 2012
082 0 0 _a973.3092
100 1 _aByrd, Robert
245 1 0 _aElectric Ben :
_bthe amazing life and times of Benjamin Franklin /
_c Byrd, Robert
250 _aFirst Scholastic printing, September 2013
260 _aNew York :
_bScholastic ,
_c2012
300 _a39 unnumbered pages :
_bcolor illustrations ;
_c28 cm .
505 _aZ
520 _aLearn all about the life of Benjamin Franklin, from his childhood to his golden years.
521 _a1050
_bLexile
521 _aZ
_bRaz-Plus
650 0 _aStatesmen
_zUnited States
_vBiography
_vJuvenile literature.
650 0 _aInventors
_zUnited States
_vBiography
_vJuvenile literature.
650 0 _aScientists
_zUnited States
_vBiography
_vJuvenile literature.
650 0 _aPrinters
_zUnited States
_vBiography
_vJuvenile literature.
906 _a7
_bcbc
_corignew
_d1
_eecip
_f20
_gy-gencatlg
942 _2ddc
_cBK
_n0
999 _c3158
_d3158